|
|
|
|
| LEADER |
00857nab a2200193 i 4500 |
| 001 |
publ38399 |
| 005 |
20251128133831.0 |
| 008 |
251128s2019 hu o 000 eng d |
| 022 |
|
|
|a 1805-8809
|
| 024 |
7 |
|
|a 31344805
|2 mtmt
|
| 040 |
|
|
|a SZTE Publicatio Repozitórium
|b hun
|
| 041 |
|
|
|a eng
|
| 100 |
2 |
|
|a Zsigmond-Sziebig Orsolya Johanna
|
| 245 |
1 |
4 |
|a The Implementation of the Aarhus Convention’s Third Pillar in the European Union – a Rocky Road Towards Compliance
|h [elektronikus dokumentum] /
|c Zsigmond-Sziebig Orsolya Johanna
|
| 260 |
|
|
|c 2019
|
| 300 |
|
|
|a 205-218
|
| 490 |
0 |
|
|a EUROPEAN STUDIES: THE REVIEW OF EUROPEAN LAW ECONOMICS AND POLITICS
|v 6 No. 1
|
| 650 |
|
4 |
|a Jogtudomány
|
| 856 |
4 |
0 |
|u http://publicatio.bibl.u-szeged.hu/38399/1/The_Implementation_of_the_Aarhus_Conventions_Third_Pillar_in_the_European_Union__a_Rocky_Road_Towa.pdf
|z Dokumentum-elérés
|